| 000 | 00467nam a2200145Ia 4500 | ||
|---|---|---|---|
| 008 | 160216s9999 xx 000 0 und d | ||
| 100 | _aGlas, R. | ||
| 245 | _aBattlefields of negotiation: control agency, and ownership in World of Warcraft / | ||
| 245 | _cR. Glas. | ||
| 260 | _bOAPEN library | ||
| 260 | _c2013 | ||
| 650 | _xControl agency. | ||
| 650 | _xNegotiation - ownership. | ||
| 856 | _uhttp://media.wix.com/ugd/f47560_084becdceb964671821537465d01e722.pdf | ||
| 999 |
_c290614 _d290614 |
||